| 000 | 00497nam a22001337a 4500 | ||
|---|---|---|---|
| 999 |
_c535770 _d535770 |
||
| 100 | _aSaleem, Abida | ||
| 245 |
_aIn Vitro Analysis of Shear Bond Strength of Self-Adhesive Resin Cement and its Variability on Bleached Enamel / _cAbida Saleem. |
||
| 260 |
_aIslamabad : _bAMC NUST, _c2014. |
||
| 300 |
_a98 p. : ill. ; _c30cm. |
||
| 942 |
_2ddc _cTHE |
||
| 650 |
_aDentistry - M Phil Theses. _930595 |
||
| 700 |
_aSup Dr. Muhammad Kaleem. _930596 |
||